Well Logging in Nontechnical Language / (Record no. 12889)
[ view plain ]
| 000 -LEADER | |
|---|---|
| fixed length control field | 01389cam a2200289 a 4500 |
| 001 - CONTROL NUMBER | |
| control field | 12710593 |
| 005 - DATE AND TIME OF LATEST TRANSACTION | |
| control field | 20031023151810.0 |
| 008 - FIXED-LENGTH DATA ELEMENTS--GENERAL INFORMATION | |
| fixed length control field | 020319s2002 okuaf b 001 0 eng |
| 010 ## - LIBRARY OF CONGRESS CONTROL NUMBER | |
| LC control number | 2002275755 |
| 020 ## - INTERNATIONAL STANDARD BOOK NUMBER | |
| International Standard Book Number | 9780878148257 |
| 040 ## - CATALOGING SOURCE | |
| Original cataloging agency | DLC |
| Transcribing agency | DLC |
| Modifying agency | DLC |
| 050 00 - LIBRARY OF CONGRESS CALL NUMBER | |
| Classification number | TN871.35 |
| Item number | .J64 2002 |
| 082 00 - DEWEY DECIMAL CLASSIFICATION NUMBER | |
| Classification number | 622.18282 |
| Edition number | 22 |
| Item number | JOH |
| 100 1# - MAIN ENTRY--PERSONAL NAME | |
| Personal name | Johnson, David E. |
| Fuller form of name | (David Earl) |
| 9 (RLIN) | 9274 |
| 245 10 - TITLE STATEMENT | |
| Title | Well Logging in Nontechnical Language / |
| Statement of responsibility, etc | David E. Johnson & Kathryne E. Pile. |
| 250 ## - EDITION STATEMENT | |
| Edition statement | 2nd ed. |
| 260 ## - PUBLICATION, DISTRIBUTION, ETC. (IMPRINT) | |
| Place of publication, distribution, etc | Tulsa, Okla. : |
| Name of publisher, distributor, etc | PennWell Pub., |
| Date of publication, distribution, etc | c2006 |
| 300 ## - PHYSICAL DESCRIPTION | |
| Extent | xvii, 289 p., [7] folded leaves of plates : |
| Other physical details | ill. ; |
| Dimensions | 24 cm. |
| 504 ## - BIBLIOGRAPHY, ETC. NOTE | |
| Bibliography, etc | Includes bibliographical references and index. |
| 650 #0 - SUBJECT ADDED ENTRY--TOPICAL TERM | |
| Topical term or geographic name as entry element | Oil well logging. |
| 9 (RLIN) | 9275 |
| 700 1# - ADDED ENTRY--PERSONAL NAME | |
| Personal name | Pile, Kathryne E. |
| 9 (RLIN) | 9276 |
| 856 41 - ELECTRONIC LOCATION AND ACCESS | |
| Materials specified | Table of contents |
| Uniform Resource Identifier | <a href="http://www.loc.gov/catdir/toc/fy022/2002275755.html">http://www.loc.gov/catdir/toc/fy022/2002275755.html</a> |
| 942 ## - ADDED ENTRY ELEMENTS (KOHA) | |
| Source of classification or shelving scheme | Dewey Decimal Classification |
| Item type | NB - Book (Non borrowing) |
| Withdrawn status | Item status | Source of classification or shelving scheme | Damaged status | Not for loan | Vendor | Home library | Current library | Shelving location | Date acquired | Source of acquisition | Total Checkouts | Full call number | Barcode | Date last seen | Date last borrowed | Koha item type | Total Renewals |
|---|---|---|---|---|---|---|---|---|---|---|---|---|---|---|---|---|---|
| Dewey Decimal Classification | Baccah | Central Library | Central Library | First floor | 10/11/2009 | 4 | 622.18282 JOH | 000019031 | 15/07/2025 | 18/11/2013 | NB - Book (Non borrowing) | ||||||
| Dewey Decimal Classification | Baccah | Central Library | Central Library | First floor | 10/11/2009 | 21 | 622.18282 JOH | 000019030 | 15/07/2025 | 22/10/2018 | Book - Borrowing | 128 |